00498nam a22001697a 4500003000400000008004100004082001600045100001800061245007500079260005100154300002600205650002000231650001400251650002500265650002200290700001600312OSt260119b |||||||| |||| 00| 0 eng d a338.9bT16E aTaneja, M. L. aEconomics of Development & Planning / cby M. L. Taneja and R. M. Myer a.- Jalandharb: Shoban Lal Nagin Chandc, 1996 aviii,(3-600; 2-288)p. aSocial Sciences aEconomics aEconomic Development aEconomic Planning aMyer, R. M.